000 00582nam a2200193Ia 4500
005 20260120124625.0
008 008 260114s9999 xx 000 0 eng d
020 _a9780762311897
037 _aEBOOK
040 _aCRL
_beng
_cCRL
041 _aeng
_2eng
084 _qCRL
245 0 _aToward a Critique of Guilt: Perspectives from Law and the Humanities
260 _bEmerald Publishing
_c2005
700 _aAustin Sarat
_9908527
856 _uhttps://www.emerald.com/insight/publication/doi/10.1016/S1059-4337(2005)36
942 _cEBOOK
999 _c1500422
_d1500422